Concrete cancer - minimise the risk (Record no. 27710)

MARC details
000 -LEADER
fixed length control field 00783cab a2200193 4500
001 - CONTROL NUMBER
control field ABS43771
008 - FIXED-LENGTH DATA ELEMENTS--GENERAL INFORMATION
fixed length control field 090401t1990 xxu||||| |||| 00| 0 eng d
035 ## - SYSTEM CONTROL NUMBER
System control number (Sirsi) u43415
041 ## - LANGUAGE CODE
Language code of text/sound track or separate title eng
100 ## - MAIN ENTRY--PERSONAL NAME
Personal name Hobbs, D.W.
245 ## - TITLE STATEMENT
Title Concrete cancer - minimise the risk
260 ## - PUBLICATION, DISTRIBUTION, ETC.
Date of publication, distribution, etc. 1990
350 ## - PRICE (NR) (BK AM CF MU VM SE) [OBSOLETE]
Price 0
490 ## - SERIES STATEMENT
Series statement Chartered Builder
Volume/sequential designation 2(7) December 1990, 10-12(3)
520 ## - SUMMARY, ETC.
Summary, etc. After touching on the diagnosis and effect of concrete cancer , this article examines three ways of minimising the risk of alkali silica reaction , (ASR), testing the cement-aggregate combination, limiting the alkali content and the partial replacement of a high alkali Portland cement by fly ash or slag.
690 ## - LOCAL SUBJECT ADDED ENTRY--TOPICAL TERM (OCLC, RLIN)
Topical term or geographic name as entry element BUILT ENVIRONMENT-BUILDING PATHOLOGY
942 ## - ADDED ENTRY ELEMENTS (KOHA)
Suppress in OPAC 0
948 ## - LOCAL PROCESSING INFORMATION (OCLC); SERIES PART DESIGNATOR (RLIN)
c (OCLC) 04/03/1997
Holdings
Withdrawn status Lost status Source of classification or shelving scheme Damaged status Not for loan Home library Current library Shelving location Date acquired Total Checkouts Full call number Barcode Date last seen Copy number Price effective from Koha item type
    Dewey Decimal Classification     London London Journal article 14/09/1999   ABS43771 43415-1001 06/08/2019 1 06/08/2019 Journal article